| 000 | 01273nam a2200313 a 4500 | ||
|---|---|---|---|
| 001 | ebr10310805 | ||
| 003 | CaPaEBR | ||
| 006 | m u | ||
| 007 | cr cn||||||||| | ||
| 008 | 090331t20082007enkaf sb 001 0 eng d | ||
| 010 | _z 2009277489 | ||
| 020 | _z9781845118297 (pbk.) | ||
| 020 | _z1845118294 (pbk.) | ||
| 040 |
_aCaPaEBR _cCaPaEBR |
||
| 035 | _a(OCoLC)503446279 | ||
| 050 | 1 | 4 |
_aBL860 _b.O36 2008eb |
| 082 | 0 | 4 |
_a293/.13 _222 |
| 100 | 1 | _aO'Donoghue, Heather. | |
| 245 | 1 | 0 |
_aFrom Asgard to Valhalla _h[electronic resource] : _bthe remarkable history of the Norse myths / _cHeather O'Donoghue. |
| 260 |
_aLondon, [Eng.] ; _aNew York : _bI. B. Tauris, _c2008, c2007. |
||
| 300 |
_avii, 224 p., [8] p. of plates : _bill. |
||
| 504 | _aIncludes bibliographical references (p. 205-208) and index. | ||
| 533 |
_aElectronic reproduction. _bPalo Alto, Calif. : _cebrary, _d2013. _nAvailable via World Wide Web. _nAccess may be limited to ebrary affiliated libraries. |
||
| 650 | 0 |
_aMythology, Norse _xHistory. |
|
| 650 | 0 |
_aMythology, Norse _xInfluence. |
|
| 655 | 7 |
_aElectronic books. _2local |
|
| 710 | 2 | _aebrary, Inc. | |
| 856 | 4 | 0 |
_uhttp://site.ebrary.com/lib/rucke/Doc?id=10310805 _zAn electronic book accessible through the World Wide Web; click to view |
| 999 |
_c175918 _d175918 |
||